000 00684nam a22002057a 4500
005 20260421095201.0
008 260421b |||||||| |||| 00| 0 eng d
020 _a 9780781794688
050 _aRT81.5
_b .P64 2008
100 _aPolit, Denise F.
245 _a Nursing research :
_bgenerating and assessing evidence for nursing practice /
250 _a 8th ed.
260 _aPhiladelphia :
_bWolters Kluwer Health/
_c2008.
300 _a xviii, 796 p. :
_b ill.
_c24 cm.
500 _a Includes bibliographical references (p. 731-746) and index.
650 _a Nursing
_xResearch
650 _aNursing Research
_xmethods.
700 _aBeck, Cheryl Tatano
942 _2lcc
_cBK
999 _c60387
_d60387